YES 50 SECRETS FROM THE SCIENCE OF PERSU (Record no. 10881)

MARC details
000 -LEADER
fixed length control field 00361nam a2200133Ia 4500
008 - FIXED-LENGTH DATA ELEMENTS--GENERAL INFORMATION
fixed length control field 240624s9999 xx 000 0 und d
041 ## - LANGUAGE CODE
Language code of text/sound track or separate title eng
082 ## - DEWEY DECIMAL CLASSIFICATION NUMBER
Classification number 658.4 GOL
100 ## - MAIN ENTRY--PERSONAL NAME
Personal name GOLDSTEIN NOAH J
245 ## - TITLE STATEMENT
Title YES 50 SECRETS FROM THE SCIENCE OF PERSU
260 ## - PUBLICATION, DISTRIBUTION, ETC.
Date of publication, distribution, etc. 2008
Place of publication, distribution, etc. New Delhi
Name of publisher, distributor, etc. Profile Books Ltd.
300 ## - PHYSICAL DESCRIPTION
Extent vi, : 250 : p. : cm. ; 20
365 ## - TRADE PRICE
Currency code RS
Price amount 33
Holdings
Withdrawn status Lost status Damaged status Not for loan Home library Current library Shelving location Date acquired Source of acquisition Cost, normal purchase price Total Holds Full call number Barcode Date last seen Copy number Price effective from Koha item type
        IMTN IMTN Rack 27-A 10/06/2008 AP 250.00 1280 658.4 GOL 10881 06/24/2024 1 06/24/2024 Books
Designed & Maintained by: LRC IMT Nagpur Contact: lrc@imtnag.ac.in© 2024. All Rights Reserved.